وفيات الاعيان وانباء انباء الزمان / Wafayāt al-aʻyān wa-anbāʼ anbāʼ al-zamān / (Record no. 80985)
[ view plain ]
| 000 -LEADER | |
|---|---|
| fixed length control field | 01219naa a2200217 a 4500 |
| 003 - CONTROL NUMBER IDENTIFIER | |
| rucl marc code | BD-RjUL |
| 005 - DATE AND TIME OF LATEST TRANSACTION | |
| control field | 20221219111741.0 |
| 008 - FIXED-LENGTH DATA ELEMENTS--GENERAL INFORMATION | |
| fixed length control field | 221219s196? u ||||| |||| 00| 0 ar d |
| 035 ## - SYSTEM CONTROL NUMBER | |
| System control number | (BD-RjUL) |
| 040 ## - CATALOGING SOURCE | |
| Original cataloging agency | BD-RjUL |
| Language of cataloging | eng |
| Transcribing agency | BD-RjUL |
| 041 ## - LANGUAGE CODE | |
| Language code of text/sound track or separate title | ara |
| 082 ## - DEWEY DECIMAL CLASSIFICATION NUMBER | |
| Edition number | 23 |
| Classification number | 305.5209560902 |
| Author mark and year | IBW 196? |
| 100 ## - MAIN ENTRY--PERSONAL NAME | |
| Personal name | ابن خلكان،, Ibn Khalkan, |
| Dates associated with a name | 1211-1282, , |
| 9 (RLIN) | 6361 |
| 245 10 - TITLE STATEMENT | |
| Title | وفيات الاعيان وانباء انباء الزمان / Wafayāt al-aʻyān wa-anbāʼ anbāʼ al-zamān / |
| Statement of responsibility, etc. | Authors:تأليف احمد الشهير بابن خلكان. ويليه فوات الوفيات لصلاح الكتبي., ابن خلكان،, 1211-1282, قاصم، محمد., منق، علي بن بالي،, ʻAlī ibn Bālī Manq, طاشكبريزادة، احمد بن مصطفى، / taʼlīf Aḥmad al-shahīr bi-Ibn Khallikān. Wa-yalīhi Fawāt al-wafayāt li-Ṣalāḥ al-Kutubī., Ibn Khallikān, Muḥammad Qāṣim, Aḥmad ibn Muṣṭafá Ṭāshkubrīʹzādah |
| 260 ## - PUBLICATION, DISTRIBUTION, ETC. (IMPRINT) | |
| Place of publication, distribution, etc. | Bagdad : |
| Name of publisher, distributor, etc. | مطبعة بولاق،],/ [Maṭbaʻat Būlāq], |
| Date of publication, distribution, etc. | [1885]] |
| 300 ## - PHYSICAL DESCRIPTION | |
| Pagination | V. ; |
| Size | 23 cm |
| 505 ## - FORMATTED CONTENTS NOTE | |
| Formatted contents note | Vol. 1 |
| 650 ## - SUBJECT ADDED ENTRY--TOPICAL TERM | |
| Source of heading or term | Biographies Early works Islamic |
| Topical term or geographic name as entry element | Empire Islamic |
| 9 (RLIN) | 6362 |
| 942 ## - ADDED ENTRY ELEMENTS (KOHA) | |
| Source of classification or shelving scheme | Dewey Decimal Classification |
| Koha item type | Books |
| Lost status | Source of classification or shelving scheme | Damaged status | Not for loan | Collection code | Permanent Location | Current Location | Shelving location | Date acquired | Full call number | Date last seen | Copy number | Koha item type |
|---|---|---|---|---|---|---|---|---|---|---|---|---|
| Dewey Decimal Classification | Not For Loan | Non-fiction | Central Library, University of Rajshahi | Central Library, University of Rajshahi | Reading Room | 19/12/2022 | A 305.52095609 IBW V-1 196? | 19/12/2022 | C-1 | Books |